[Event "GER-chT Betriebe 17th"]
[Site "Berlin"]
[Date "2017.11.02"]
[Round "1.4"]
[White "Gebert Vangeel, Ralf"]
[Black "Kleinwaechter, Manfred"]
[Result "1/2-1/2"]
[WhiteElo "2035"]
[BlackElo "1791"]
[PlyCount "104"]
[EventDate "2017.11.02"]
[EventType "team-swiss"]
[EventRounds "7"]
[EventCountry "GER"]
[SourceTitle "EXT 2020"]
[Source "ChessBase"]
[SourceDate "2019.10.17"]
[SourceVersion "1"]
[SourceVersionDate "2019.10.17"]
[SourceQuality "1"]
[WhiteTeam "Berlin Osram"]
[BlackTeam "Berlin Telestern"]
[WhiteTeamCountry "GER"]
[BlackTeamCountry "GER"]

1. e4 e6 2. d4 d5 3. Nc3 dxe4 4. Nxe4 Bd7 5. Nf3 Bc6 6. Bd3 Nd7 7. Bf4 Bxe4 8. Bxe4 c6 9. 0-0 Ngf6 10. Bd3 Be7 11. c4 0-0 12. Qc2 h6 13. Rfe1 Re8 14. a3 c5 15. Rad1 Qb6 16. dxc5 Nxc5 17. Bf1 Rad8 18. b4 Ncd7 19. c5 Qc6 20. Nd4 Qc8 21. Nb5 Nd5 22. Bg3 a6 23. Rxd5 axb5 24. Rdd1 Qc6 25. Qe2 Nf6 26. Qxb5 Rxd1 27. Rxd1 Nd5 28. Qxc6 bxc6 29. Be5 Ra8 30. Bb2 Bf6 31. Bxf6 gxf6 32. Rd3 f5 33. g3 Kg7 34. Bg2 Kf6 35. Bxd5 exd5 36. f4 Re8 37. Kf2 Re4 38. Kf3 h5 39. h3 Re8 40. Re3 Ra8 41. Ke2 Ra7 42. Kd2 Rd7 43. Kc2 d4 44. Rd3 Ke6 45. Rd2 Kd5 46. Kd3 Ra7 47. Ra2 Re7 48. Re2 Rxe2 49. Kxe2 Kc4 50. Kd2 d3 51. Kd1 Kb5 52. Kd2 Kc4 1/2-1/2